01000nam a22002777a 4500003000900000005001700009007000300026008004100029040002500070082002100095100002500116245004500141260005800186300002800244490002700272504003500299505004500334505005200379505005500431505005500486505004600541505005400587650000900641650002600650700004600676DO-SdBNP20211112114853.0ta211110b2013 a|||e |||| 001 0 spa d aDO-SdBNPbspacBNPHU4 222bS162sa306.710aZaldívar, Dionisio10aSexualidad humana /cDionicio Zaldívar aSantiago de los Caballeros, Rep. Dom. :bUAPA,c2013. a232 p. : bil.; c27 cm aAutoaprendizaje ;vv.4 aBibliografía : p. 224 - 231. aUnidad I. Introducción a la sexualidad aUnidad II. Desarrollo de la sexualidad humana. aUnidad III. Concepto y funciones de la sexualidad. aUnidad IV. Enfermedades de transmisión sexual. . aUnidad V. Obtáculos en la vida sexual. aUnidad VI. Aspectos especiales en la sexualidad..40aSexo40aSexo en el matrimonio1 aHernández, LuisaeCorrección y estilo